[Event "Dortmund Sparkassen op-B 51st"]
[Site "Dortmund"]
[Date "2024.08.10"]
[Round "1"]
[White "Roess, Jonas"]
[Black "Mohebbi, Sam"]
[Result "0-1"]
[WhiteElo "1891"]
[BlackElo "1686"]
[PlyCount "38"]
[EventDate "2024.08.10"]
[EventType "swiss"]
[EventRounds "9"]
[EventCountry "GER"]
[SourceTitle "CBM 221 Extra"]
[Source "ChessBase"]
[SourceDate "2024.09.30"]
[SourceVersion "1"]
[SourceVersionDate "2024.09.30"]
[SourceQuality "1"]

1. e4 e6 2. d4 d5 3. Nd2 Be7 4. Ngf3 Nf6 5. e5 Nfd7 6. Bd3 c5 7. c3 Nc6 8. 0-0 g5 9. Bb5 g4 10. Ne1 h5 11. g3 Qb6 12. Bxc6 bxc6 13. Nb3 Ba6 14. dxc5 Qb5 15. Nd2 Qxc5 16. c4 dxc4 17. Qa4 Bb5 18. Qc2 c3 19. Ne4 Qc4 0-1